01278nam a2200265 a 450000100100000000500170001000800410002702000180006804000250008608200210011124501180013226000510025030000210030159000260032265000440034865000420039265000310043465000530046565100620051891000370058095201340061795201190075195201250087099900170099500003902820240412074259.0130514s2012 dr 000 0 spa d a9789945475494 aDO-SdBNPbspacBNPHU aRD860.508bA634L04aAntología de la literatura contemporánea en Moca :bpoesía y cuento /cSelección y notas Eugenio Camacho. aSanto Domingo :bEdiciones Rumbo Norte,c2012. a236 p. ;c23 cm. aInventariado, 2018/LP 4aCuent0s dominicanosxColecciones965272 4aPoesía dominicanaxColecciones9351 0aLiteratura dominicana.967 4aAutores dominicanosxHistoria y crítica922117 4aMoca (República Dominicana{Rpara}xVida Cultural965273 aValidado. Control de calidad EMS 001054708DSaGRbGRcHDd2013-05-14iLF1l0oRD860.508 A634Lp39028-30r2020-06-25te. 3w2020-06-25yLFDSZPréstamo en sala 0010718PDaPDbPDcHDd2013-05-14iLF1l0oRD860.508 A634Lp39028-10r2020-06-25w2020-06-25yLFPDZNo se presta 0010718PDaPDbPDcHDd2013-05-14iLF1l0oRD860.508 A634Lp39028-20r2020-06-25te. 2w2020-06-25yLFPDZNo se presta c38518d38518